• 首页
  • 本馆介绍
  • 公告通知
  • 最新文献
  • 馆藏检索
  • 电子资源
  • 读者导购
  • 参考咨询
  • 我的图书馆
  • 登录
  • 详细信息显示
  • 放入我的书架
  • 预约/预借图书
  • 作者相关作品
  • 分类相关作品
  • 丛书相关作品
  • 出版社相关作品

书目信息

  • 表格格式
  • 工作单格式
  • 卡片格式
题名:
人际关系社会心理学
    
 
作者: 古〓和孝 编 ;王康乐 译
分册:  
出版信息: 天津   南开大学出版社  1986
页数: 225页
开本: 19cm
丛书名: 国外社会学丛书
单 册:
中图分类: C912.1 , B84
科图分类:
主题词: 人间关系-社会心理学 , 社会心理学-人间关系 , 心理学
电子资源:
ISBN:
000 00843nam2 2200313 45
001 1237582307
005 20120928102829.23
010    @dCNY1.55
091    @aCN@b2301.13
100    @a19900802d1986 em y0chiy0121 ea
101 1  @achi@cjpn
102    @aCN@b120000
105    @ay z 000yy
200 10 @a人际关系社会心理学@Aren ji guan xi she hui xin li xue@f(日)古〓和孝编@g王康乐译
210    @a天津@c南开大学出版社@d1986
215    @a225页@d19cm
225 2  @a国外社会学丛书
410  0 @120010@a国外社会学丛书
606 0  @a人间关系-社会心理学
606 0  @a社会心理学-人间关系
606 0  @a心理学
610 0  @a人际关系@a心理学
690    @aC912.1@v3 
690    @aB84@v4
701  0 @a古〓和孝@Agu 〓 he xiao@4编
702  0 @a王康乐@Awang kang le@4译
801  0 @aCN@bTSSF
801  2 @aCN@bNLC
905    @a10447@dB84@eJY20
    
    人际关系社会心理学/(日)古〓和孝编/王康乐译.-天津:南开大学出版社,1986
    225页;19cm.-(国外社会学丛书)
    
    
    ISBN :CNY1.55
    
●
相关链接 在E读中查询图书 在五车中查询图书 在当当中查询图书 在豆瓣中查询图书


正题名:人际关系社会心理学     索取号:B84/JY20         预约/预借

序号 登录号 条形码 馆藏地/架位号 状态 备注
1 7830019   278300198   学院路分馆/ [索取号:B84/JY20] 在馆    
2 7830020   278300205   学院路分馆/ [索取号:B84/JY20] 在馆    
唐山师范学院图书馆 欢迎您!
大连网信软件有限公司© 版权所有